Datum a čas kvízu
17
Celkem bodů
Celkový počet nahraných bodů na tomto kvízu bez doplňovacích otázek.
10.
Pořadí na kvízu
Konečné umístění týmu na tomto kvízu.
Zaznamenané odpovědi
| # | Otázka | Odpověď | Body | Výsledky |
|---|---|---|---|---|
| 1. | Který český politik a lékař če... | Bohuslav Svoboda | 0 | |
| 2. | Humanoidní robot Muhammad na v... | osahával ženu | 1 | |
| 3. | Jak se nazývá soutěžní reality... | Peče celá země | 0 | |
| 4. | Některé provozovny jistého řet... | McDonald's | 1 | |
| 5. | Ke kuriózní situaci došlo v zá... | Arsenal, Chelsea | 0.5 | |
| 6. | Téma začneme v Evropě. Seřaďte... | 1D 2C 3A 4B | 0 | |
| 7. | Vůdcem Kuby byl několik deseti... | Raúl | 1 | |
| 8. | Které z těchto zvířat nežije p... | A | 1 | |
| 9. | Jak se jmenuje nejlidnatější s... | Indonésie, Jakarta | 0 | |
| 10. | Jak se jmenuje ostrovní stát,... | Vanuatu | 0 |